01351nam a2200325Ia 450000500170000000800410001702000150005804100080007308200160008110000360009724500340013325000220016730000400018949000240022965000450025365000430029865000370034165000330037865000470041194200120045826400260047033600270049633700330052333800280055604000350058499900150061995201320063495201300076695201290089620220316235455.0121119s2001 sp a gr 000 0 spa  a84415108220 aspa04a006.6bH27F1 aHernández González, Claudio10aFlash 5 cClaudio Hernández aPrimera edición a320 páginasbilustracionesc24 cm0 aGuías prácticas14aFlash 5 (Programa para computador)2LEMB14aDiseño con ayuda de computador2LEMB14aAnimación por computador2LEMB14aPaginas Web xManuales2LEMB14aProgramas para computador xManuales2LEMB 2ddccBK aMadrid bAnaya c2001 atextobtxt2rdacontent asin mediaciónbn2rdamedia avolumenbnc2rdacarrier aCO-BoRNBPbspaerdacCO-BoRNBP c1071d1071 00102ddc40708GENaMEGUAMALbMEGUAMALcGENd2023-03-06l0o006.6 H27fpGUA001945r2023-03-06 00:00:00tEj.1w2023-03-06yBK 00102ddc40708GENaMELEJANIbMELEJANIcGENd2023-06-01l0o006.6 H27fpLEJ00028r2023-06-01 00:00:00tEj.1w2023-06-01yBK 00102ddc40708GENaMESGUARObMESGUAROcGENd2025-02-26l0o006.6 H27FpSG02461r2025-02-26 09:48:49tEj.1w2025-02-26yBK